Boet (Record no. 40582)

MARC details
000 -LEADER
campo de control de longitud fija 01090nam a2200229 i 4500
001 - NÚMERO DE CONTROL
campo de control 40582
003 - IDENTIFICADOR DE NÚMERO DE CONTROL
campo de control ES-MaACL
005 - FECHA Y HORA DE LA ÚLTIMA TRANSACCIÓN
campo de control 20250820063028.0
007 - CAMPO FIJO DE DESCRIPCIÓN FÍSICA--INFORMACIÓN GENERAL
campo de control de longitud fija t|
008 - DATOS DE LONGITUD FIJA--INFORMACIÓN GENERAL
campo de control de longitud fija 030306q1900 sp ||||1| spa d
100 0# - ENTRADA PRINCIPAL--NOMBRE DE PERSONA
Nombre de persona Carreras y Lastortras, Luis,
Fechas asociadas al nombre 1840-1888
9 (RLIN) 35690
245 10 - MENCIÓN DEL TÍTULO
Título Boet
Resto del título : El Toison de Oro /
Mención de responsabilidad, etc. por Luis Carreras [y Lastortras] ; ilustado por Esusebio Planas.
260 ## - PUBLICACIÓN, DISTRIBUCIÓN, ETC.
Lugar de publicación, distribución, etc. Barcelona :
Nombre del editor, distribuidor, etc. Salvador Manero,
Fecha de publicación, distribución, etc. [1900?]
300 ## - DESCRIPCIÓN FÍSICA
Extensión 891, II, p., 4 lám. ;
Dimensiones 19 cm.
505 8# - NOTA DE CONTENIDO CON FORMATO
Nota de contenido con formato Contiene la historia del proceso con minuciosos e interesantes detalles, intrigas fraguadas, vida y privada de D. Carlos la de Boet, documentos importantes de los tribunales que han intervenido. Historia y publicación de todos los papeles secretos, con inclusión de las cartas pederásticas...
600 14 - PUNTO DE ACCESO ADICIONAL DE MATERIA--NOMBRE DE PERSONA
Nombre de persona González Boet, Carlos.
9 (RLIN) 153057
610 24 - PUNTO DE ACCESO ADICIONAL DE MATERIA--NOMBRE DE ENTIDAD CORPORATIVA
Nombre de entidad corporativa o nombre de jurisdicción como elemento de entrada Orden del Toisón de Oro.
9 (RLIN) 6043
700 0# - ENTRADA AGREGADA--NOMBRE PERSONAL
Nombre de persona Planas, Eusebio,
Fechas asociadas al nombre 1833-1897
9 (RLIN) 92519
700 1# - ENTRADA AGREGADA--NOMBRE PERSONAL
Nombre de persona Borbón y Austria-Este, Carlos de,
Títulos y otros términos asociados al nombre Duque de Madrid,
Fechas asociadas al nombre 1848-1909
9 (RLIN) 153058
852 ## - LOCALIZACIÓN
Ubicación ES-MaACL
Número de control de estantería D-2514
Holdings
Estatus retirado Estado de pérdida Estado de daño No para préstamo Colección Biblioteca de origen Biblioteca actual Ubicación en estantería Fecha de adquisición Fuente de adquisición Total de préstamos Signatura topográfica completa Código de barras Visto por última vez Precio de reemplazo Tipo de ítem Koha
        Libros del s. XIX Biblioteca del Ateneo de Madrid Biblioteca del Ateneo de Madrid Sala Valle Inclán 17/01/2008     D-2514 901042725 23/02/2023 23/02/2023 Libro impreso antiguo